|
|
|
|
| LEADER |
00850cam a2200241 7i4500 |
| 001 |
0000064332 |
| 005 |
20211207090000.0 |
| 020 |
|
|
|a 9781137315601 (electronic book)
|
| 090 |
0 |
0 |
|a RA652
|b .B76 2013
|
| 100 |
1 |
|
|a Broadbent, Alex
|
| 245 |
1 |
0 |
|a Philosophy of epidemiology
|c Alex Broadbent.
|
| 264 |
|
|
|a Basingstoke, Hampshire:
|b Palgrave Macmillan,
|c 2013.
|
| 300 |
|
|
|a 1 online resource (xxii, 203 pages):
|b text file, PDF.
|
| 336 |
|
|
|a text
|2 rdacontent
|
| 337 |
|
|
|a computer
|2 rdamedia
|
| 338 |
|
|
|a online resource
|2 rdacarrier
|
| 490 |
0 |
|
|a New directions in the philosophy of science
|
| 650 |
|
0 |
|a Epidemiology --
|x Philosophy
|
| 655 |
|
0 |
|a Electronic books
|
| 856 |
4 |
2 |
|u http://library.unisel.edu.my/web/guest/mylibrary
|
| 997 |
|
|
|a Health Sciences, Faculty
|
| 998 |
|
|
|a Nursing, Diploma
|
| 999 |
|
|
|a EBO0008900
|b EBOOK
|c EBOOK
|e Electronic resources
|